Destinos Internacionais do Aeroporto de São Paulo - Statistics

Estatísticas Gerais
  • Esse quiz foi jogado 58 vezes
  • A pontuação média é 38 de 53
Estatísticas das Respostas
Linhas Aéreas Destino % Correto
Aeromexico, LATAM Cidade do México
100%
Air France, LATAM Paris
100%
Aerolineas Argentinas, Gol, LATAM, Flybondi Buenos Aires (Aeroparque)
98%
Air Canada, Aerolineas Argentinas, Ethiopian, Gol, LATAM, Swiss, Turkish Airlines Buenos Aires (Ezeiza)
98%
LATAM, TAP Lisboa
98%
Avianca, LATAM Bogotá
94%
JetSmart, LATAM, Sky, Turkish Airlines Santiago
94%
British, LATAM Londres
92%
LATAM Los Angeles
92%
Air China, Air Europa, Iberia, LATAM Madri
92%
TAP Porto
92%
Emirates Dubai
88%
American, LATAM Miami
88%
American, Delta, LATAM Nova Iorque (JFK)
88%
United Nova Iorque (Newark)
88%
LATAM, Sky Lima
86%
ITA, LATAM Roma
86%
Air Canada Toronto
86%
Copa Airlines Cidade do Panamá
84%
Qatar Airways Doha
78%
LATAM, South African Joanesburgo
78%
Gol, LATAM Montevidéu
76%
Air Canada Montreal
76%
United Washington D.C.
76%
LATAM, Lufthansa Frankfurt
74%
LATAM Milão
74%
Lufthansa Munique
74%
Swiss Zurique
74%
American Dallas-Fort Worth
72%
LATAM Orlando
72%
Gol, LATAM Assunção
70%
LATAM Barcelona
70%
Gol Caracas
70%
Ethiopian Adis Abeba
68%
United Houston
68%
KLM Amsterdão
66%
Delta Atlanta
64%
LATAM Boston
64%
United Chicago
64%
TAAG Luanda (LAD)
64%
TAAG Luanda (NBJ)
64%
Aerolineas Argentinas, Gol, LATAM San Carlos de Bariloche
64%
Royal Air Maroc Casablanca
62%
Turkish Istanbul
58%
Gol, LATAM Córdoba
54%
Gol, LATAM Mendoza
48%
Arajet, Gol Punta Cana
48%
BoA, Gol Santa Cruz de la Sierra
48%
Gol San José
42%
LATAM Rosario
36%
Gol Aruba
30%
Aerolineas Argentinas Salta
26%
Azul Punta del Este
24%
Nenhum quiz correspondente encontrado
Distribuição das Pontuações
Porcentagem de Pessoas com Cada Pontuação
Percentil de Números Respondidos
Sua Pontuação Histórica
Você não jogou esse quiz